Language Quiz

Random Language or Spanish Quiz

Spanish Health Related terms Quiz Stats

 Plays Quiz not verified by Sporcle

Also try: Rhymes With Jump
Challenge
Share
Tweet
Embed
Score 0/129 Timer 15:00
0 Plays Today
term in spanish term in english % Correct
el corazonheart
66%
el dedofinger
66%
el dientetooth
63.8%
la sangreblood
63.8%
el cerebrobrain
61.7%
el labiolip
61.7%
la lenguatongue
61.7%
el VIHHIV
61.7%
el SIDAAIDS
59.6%
la sala de emergenciasemergency room
59.6%
oirto hear
59.6%
el ataque al corazonheart attack
57.4%
el agua con salsalt water
57.4%
la gargantathroat
55.3%
el pechochest
55.3%
tener dolor de estomagoto have a stomachache
55.3%
tener tosto have a cough
53.2%
tener dolor de cabezato have a headache
53.2%
besarto kiss
53.2%
el oidoear
51.1%
la rodillaknee
51.1%
tener diarreato have diarrhea
51.1%
moverto move
51.1%
el pulmonlung
48.9%
estar embarazadato be pregnant
48.9%
tener fiebreto have fever
48.9%
la frenteforehead
46.8%
la receta medicaprescription
46.8%
el tratamientotreatment
46.8%
abrazarto hug
46.8%
consultar conto consult
46.8%
masticarto chew
46.8%
respirarto breathe
46.8%
la munecawrist
44.7%
tener gripeto have the flu
44.7%
el jarabe para los toscough syrup
44.7%
los rayos equisxrays
44.7%
toserto cough
44.7%
la cinturawaist
42.6%
la nalgabutt
42.6%
el resfriadocold
42.6%
la pildorapill
42.6%
mandarto send
42.6%
term in spanish term in english % Correct
el resfriocold
40.4%
tener calenturato have a fever
40.4%
tener dolor de gargantato have a sore throat
40.4%
el codoelbow
38.3%
la varicelachicken pox
38.3%
olerto smell
38.3%
el huesobone
36.2%
la unafingernail
36.2%
estar resfriadoto have a cold
36.2%
morderto bite
36.2%
la fiebre de henohay fever
34%
la pulmoniapneumonia
34%
las gotas para la nariznose drops
34%
el pure de manzanaapple sauce
34%
el cirujanosurgeon
34%
sobrevivirto survive
34%
dolerto hurt
34%
caerseto fall down
34%
tener nauseasto be nauseous
31.9%
la lesioninjury
31.9%
cortarseto cut oneself
31.9%
el rinonkidney
29.8%
el infartoheart attack
29.8%
tener dolor de muelato have a toothache
29.8%
la cicatrizscar
29.8%
la quemaduraburn
29.8%
estar hinchadoto be swollen
27.7%
tener la nariz tapadato have a stuffy nose
27.7%
la mejillacheek
25.5%
el muslothigh
25.5%
la pestanaeyelash
25.5%
el tobilloankle
25.5%
estar mareadoto be dizzy
25.5%
socorrohelp
25.5%
el testigowitness
25.5%
la calaveraskull
23.4%
la cejaeyebrow
23.4%
las enciasgums
23.4%
el mareonausea
23.4%
Como se sienteHow are you feeling
23.4%
tener catarroto have a cold
23.4%
la heridawound
23.4%
resfriarseto catch a cold
23.4%
term in spanish term in english % Correct
el estornudosneeze
21.3%
el choquecrash
21.3%
estornudarto sneeze
21.3%
hacer gargarasto gargle
21.3%
la caderahip
19.1%
el esguincesprain
19.1%
la muletacrutch
19.1%
desmayarseto faint
19.1%
la muelamolar
17%
la pantorrillacalf
17%
el pulgarthumb
17%
percibirto perceive
17%
la costillarib
14.9%
estar internadoto be hospitalized
14.9%
detenerto stop
14.9%
recetarto prescribe
14.9%
tener la culpato be guilty
14.9%
tragarto swallow
14.9%
la comezonrash
12.8%
la curitabandaid
12.8%
el vendajebandage
12.8%
el heridowounded
12.8%
cansarto make tired
12.8%
el sarampionmeasles
10.6%
enojarto make angry
10.6%
entristecerseto become sad
10.6%
torcerseto twist
10.6%
tropezarto trip
10.6%
atenderto assist
8.5%
mantenerseto maintain oneself
8.5%
el costadoside
6.4%
aplicarse un unguentoto apply ointment
6.4%
surtir una recetato fill out a prescription
6.4%
el remedio caserohousehold remedy
4.3%
volverseto go crazy
4.3%
las paperasmumps
2.1%
padecerto suffer
2.1%
la socorristaparamedic
0%
atropellarto run over with car
0%
la camillagurney
0%
evitarto exist
0%
hacer el papelto play the role of
0%
tardarto take time
0%

You're not logged in!

Compare scores with friends on all Sporcle quizzes.
Join for Free
OR
Log In

You Might Also Like...

Show Comments

Extras

Top Quizzes Today


Score Distribution

Your Account Isn't Verified!

In order to create a playlist on Sporcle, you need to verify the email address you used during registration. Go to your Sporcle Settings to finish the process.

Report this User

Report this user for behavior that violates our Community Guidelines.

Details: